Factores que influyen en la contaminacion de los quirofano de la ESE Clinica de Maternidad Rafael Calvo y ESE Hospital Universitario de Cartagena / (Registro nro. 4307)

Detalles MARC
000 -LEADER
fixed length control field 01636nam a2200361 4500
003 - CONTROL NUMBER IDENTIFIER
control field CO-CtgCURN
005 - DATE AND TIME OF LATEST TRANSACTION
control field 20250329165439.0
008 - FIXED-LENGTH DATA ELEMENTS--GENERAL INFORMATION
fixed length control field 160531s1997 000 0 eng d
040 ## - CATALOGING SOURCE
Original cataloging agency CO-CtgCURN
Language of cataloging spa
Transcribing agency coctgcurn
082 0# - DEWEY DECIMAL CLASSIFICATION NUMBER
Classification number INQ 1997
Item number A696
245 00 - TITLE STATEMENT
Title Factores que influyen en la contaminacion de los quirofano de la ESE Clinica de Maternidad Rafael Calvo y ESE Hospital Universitario de Cartagena /
Statement of responsibility, etc. Henry Arias ... [et al.] ; asesor, Nidia Quintero.
260 ## - PUBLICATION, DISTRIBUTION, ETC.
Place of publication, distribution, etc. Cartagena de Indias :
Name of publisher, distributor, etc. Corporacion Universitaria Rafael Nuñez,
Date of publication, distribution, etc. 1997.
300 ## - PHYSICAL DESCRIPTION
Extent 82 h.
336 ## - CONTENT TYPE
Source rdacontent
337 ## - MEDIA TYPE
Source rdamedia
Media type term sin mediacion
Media type code n
338 ## - CARRIER TYPE
Source rdacarrier
Carrier type term volumen
Carrier type code nc
502 ## - DISSERTATION NOTE
Dissertation note Trabajo de grado (Instrumentador Quirurgico). Corporacion Universitaria Rafael Nuñez. Facultad de Ciencias de la Salud. Programa de Instrumentación Quirúrgica, 1997.
504 ## - BIBLIOGRAPHY, ETC. NOTE
Bibliography, etc. note Incluye bibliografia.
590 ## - LOCAL NOTE (RLIN)
Local note Instrumentación Quirúrgica
650 #0 - SUBJECT ADDED ENTRY--TOPICAL TERM
Topical term or geographic name entry element Instrumentación Quirúrgica
Form subdivision Tesis y disertaciones academicas.
700 1# - ADDED ENTRY--PERSONAL NAME
Personal name Arias, Henry.
700 1# - ADDED ENTRY--PERSONAL NAME
Personal name Arrieta, Raquel.
700 1# - ADDED ENTRY--PERSONAL NAME
Personal name Baeza, Jael.
700 1# - ADDED ENTRY--PERSONAL NAME
Personal name Espriella, Henry de la.
700 1# - ADDED ENTRY--PERSONAL NAME
Personal name Gonzales, Altamira.
700 1# - ADDED ENTRY--PERSONAL NAME
Personal name Narvaez, Luz Esther.
700 1# - ADDED ENTRY--PERSONAL NAME
Personal name Patiño, Teresa.
700 1# - ADDED ENTRY--PERSONAL NAME
Personal name Rodriguez, Akemis.
700 1# - ADDED ENTRY--PERSONAL NAME
Personal name Quintero, Nidia,
Relator term asesor.
856 7# - ELECTRONIC LOCATION AND ACCESS
Uniform Resource Identifier <a href="https://unicurn.sharepoint.com/:b:/s/biblioteca/ETed7CAdIt1Ek-xaJ0IsBTkBJn0kVqHgeRuh17ZSCV-Z9A?e=aAFjy0">https://unicurn.sharepoint.com/:b:/s/biblioteca/ETed7CAdIt1Ek-xaJ0IsBTkBJn0kVqHgeRuh17ZSCV-Z9A?e=aAFjy0</a>
Public note Click aqui para ver el recurso en texto completo
942 ## - ADDED ENTRY ELEMENTS (KOHA)
Classification part INQ 1997
Item part A696
Source of classification or shelving scheme Dewey Decimal Classification
Koha item type Trabajos de grado
Existencias
Withdrawn status Lost status Source of classification or shelving scheme Damaged status Not for loan Collection Home library Current library Shelving location Date acquired Cost, normal purchase price Inventory number Total checkouts Full call number Barcode Date last seen Price effective from Koha item type
    Dewey Decimal Classification     Trabajos de grado Miguel Henríquez Emiliani Miguel Henríquez Emiliani Trabajo de grado 03/16/2018 35000.00 019481   INQ 1997 A696 019481 03/16/2018 03/16/2018 Trabajos de grado